000
00330nam a2200133Ia 4500
008
191201s2019 xx 000 0 und d
082
_a
333.7 SIT
100
_a
SINHA, Sharda
245
0
_a
Textbook of Environmental Studies
260
_b
AITBS Pub.
_a
New Delhi
_c
2019
300
_a
Misc.
650
_a
Environment
942
_2
ddc
_c
BK
999
_c
8405
_d
8405